LDR 00696naa#a2200169#i#450# 001 EN\\bibl\118254 005 20260428091947.2 011 ## _a1729-9187 100 ## _a20260330b2026####ek#y0engy0150####ca 102 ## _aRU 200 1# _aLegal jargon in the speech of internal affairs officers and its peculiarities _eJournal article 210 1# _aUfa _cUfa Law Institute of the Ministry of Internal Affairs of Russia _d2026 215 ## _a5 с. 608 ## _aJournal article _2local 675 ## _aРусский язык. 811.161.1 _aОрганы охраны общественного порядка. Милиция. Полиция. 351.74 _z 700 #1 _aFayzullina _gIl'syuyar Il'gizovna 856 4# _aobshtestvo-uyi.editorum.ru _u